000
00302nam a22001337a 4500
008
171202b xxu||||| |||| 00| 0 eng d
020
_a
394371001
041
_a
eng
080
_a
94
100
_a
16
101
_a
HIS
245
_a
A HISTORY OF AMERICAN ECONOMIC LAW
_c
KIRKLAND, E.C
942
_2
udc
_c
BK
999
_c
38730
_d
38730